00357nam a2200097Ia 4500001000400000008004100004082002600045100009400071245007100165260002300236253241024s9999 xx 000 0 und d aRD/374/R426m/2008/v.1 aRepública Dominicana.Secretaria de Estado de Educación.Dirección General de Adultos 0aManual de lectoescritura y Cálculo Básico, alfabeticemos ahora bAlfa & Omegac2008